LEADER 01379nam a2200325 i 4500 001 991001545279707536 005 20020502183649.0 008 940418s1991 it ||| | ||| 020 $a8878022799 035 $ab1086622x-39ule_inst 035 $aLE02371304$9ExL 040 $aDip.to Studi Storici$bita 082 0 $a302 082 0 $a394 100 1 $aBrambilla, Elena$0144879 245 13$aLa cittą e la corte :$bbuone e cattive maniere tra medioevo ed etą moderna /$cElena Brambilla, Carla Casagrande, Daniela Romagnoli...[et al.] ; a cura di Daniela Romagnoli ; con un saggio introduttivo di Jacques Le Goff 260 $aMilano :$bGuerini e associati.,$c1991 650 4$aCortesia$yMedioevo 650 4$aGalateo$yMedioevo 650 4$aRelazioni sociali$yMedioevo 700 1 $aCasagrande, Carla$eauthor$4http://id.loc.gov/vocabulary/relators/aut$0165322 700 1 $aRomagnoli, Daniela 700 1 $aLe Goff, Jacques 907 $a.b1086622x$b02-04-14$c28-06-02 912 $a991001545279707536 945 $aLE023 394 ROM 1 1$g1$i2023000013038$lle023$nDono$o-$pE0.00$q-$rl$s- $t0$u9$v1$w9$x0$y.i1097491x$z28-06-02 945 $aLE023 394 ROM 1 1 bis$g1$i2023000013045$lle023$o-$pE0.00$q-$rl$s- $t0$u0$v0$w0$x0$y.i10974921$z28-06-02 996 $aCittą e la corte$91456159 997 $aUNISALENTO 998 $ale023$b01-01-94$cm$da $e-$feng$git $h3$i2 LEADER 01302nam 2200445 450 001 9910796878703321 005 20230814222216.0 010 $a2-7403-2094-9 035 $a(CKB)4100000004817445 035 $a(MiAaPQ)EBC5376745 035 $a(Au-PeEL)EBL5376745 035 $a(CaPaEBR)ebr11552775 035 $a(OCoLC)1035517984 035 $a(EXLCZ)994100000004817445 100 $a20200127d2018 uy 0 101 0 $afre 135 $aurcnu|||||||| 181 $ctxt$2rdacontent 182 $cc$2rdamedia 183 $acr$2rdacarrier 200 12$aL'appel a? la saintete? dans le monde actuel $eexhortation apostolique Gaudete et exsultate /$fPape Franc?ois 210 1$aParis, France :$cPierre Te?qui e?diteur,$d[2018] 210 4$d©2018 215 $a1 online resource (48 pages) 311 $a2-7403-2091-4 606 $aHoliness$vPapal Documents 606 $aSanctification 606 $aChristian life 615 0$aHoliness 615 0$aSanctification. 615 0$aChristian life. 676 $a234.8 700 $aFrancis$cPope,$f1936-$0618173 801 0$bMiAaPQ 801 1$bMiAaPQ 801 2$bMiAaPQ 906 $aBOOK 912 $a9910796878703321 996 $aL'appel a? la saintete? dans le monde actuel$93686699 997 $aUNINA